[Event "Lloyds Bank op"]
[Site "London"]
[Date "1991.??.??"]
[Round "7"]
[White "Shabalov, Alexander"]
[Black "Arkell, Keith C"]
[Result "1-0"]
[WhiteElo "2535"]
[BlackElo "2455"]

1.e4 c6 2.d4 d5 3.e5 c5 4.dxc5 Nc6 5.Bb5 Qa5+ 6.Nc3 e6 7.Be3 Ne7 8.Nf3 Nf5
9.a3 Nxe3 10.fxe3 Qc7 11.e4 dxe4 12.Nxe4 Bxc5 13.Nxc5 Qa5+ 14.b4 Qxb5 15.Qd6 a5
16.Kf2 Ne7 17.Rhd1 Nd5 18.c4 Qxc4 19.Rac1 Qa2+ 20.Kg3 axb4 21.Na6 bxa6 22.Rc7  1-0

[Event "Oslo Cup"]
[Site "Oslo"]
[Date "1991.??.??"]
[Round "1"]
[White "Shabalov, Alexander"]
[Black "Hellers, Ferdinand"]
[Result "0-1"]
[WhiteElo "2505"]
[BlackElo "2550"]

1.d4 Nf6 2.c4 e6 3.Nc3 Bb4 4.Qc2 O-O 5.a3 Bxc3+ 6.Qxc3 b6 7.Bg5 Bb7 8.f3 h6
9.Bh4 d5 10.e3 Nbd7 11.Nh3 c5 12.cxd5 Nxd5 13.Bxd8 Nxc3 14.Be7 Rfe8 15.Bh4 Nd5
16.Bb5 g5 17.Bf2 Red8 18.e4 N5f6 19.b4 cxb4 20.axb4 a6 21.Be2 Nb8 22.b5 axb5
23.Rxa8 Bxa8 24.Bxb5 Nc6 25.Bxc6 Bxc6 26.O-O Ra8 27.Bg3 Nd7 28.Nf2 f5 29.Bd6 fxe4
30.Nxe4 Ra4 31.Rd1 Bxe4 32.fxe4 Nf6 33.Bc7 b5 34.d5 Rxe4 35.d6 Nd7 36.Rb1 Re5
37.Ra1 Rd5 38.Ra8+ Kf7 39.Rh8 Nf6 40.h3 h5 41.Kf1 h4 42.Ke2 e5 43.Ke3 Ke6
44.Rh6 Kf5 45.Rh8 Rd4 46.Rb8 b4 47.Rb5 Nd5+ 48.Kf2 Ke6 49.Bb8 e4 50.Ba7 Rd3
51.Bc5 e3+ 52.Kf3 Nc3 53.Rb8 e2+ 54.Kg4 Kd7 55.Rb7+ Kc6 56.Rc7+ Kb5 57.Bf2 Ne4
58.Be1 b3 59.Re7 Nxd6 60.Rxe2 Nc4  0-1

[Event "Oslo Cup"]
[Site "Oslo"]
[Date "1991.??.??"]
[Round "3"]
[White "Shabalov, Alexander"]
[Black "Elseth, Roar"]
[Result "1-0"]
[WhiteElo "2505"]
[BlackElo "2345"]

1.e4 e5 2.Nf3 Nc6 3.Bb5 a6 4.Ba4 Nf6 5.O-O Be7 6.Bxc6 dxc6 7.Qe1 Nd7 8.b3 O-O
9.Bb2 Bf6 10.a4 Re8 11.d3 Nf8 12.Qe3 a5 13.Nbd2 Ng6 14.Rfe1 b6 15.d4 exd4
16.Bxd4 c5 17.Bc3 Bxc3 18.Qxc3 Nf4 19.Nf1 Bg4 20.h3 Bxf3 21.Qxf3 Qg5 22.Ne3 Rad8
23.h4 Qxh4 24.g3 Nh3+ 25.Kg2 Qh6 26.Nf5 Qe6 27.Kxh3  1-0

[Event "Oslo Cup"]
[Site "Oslo"]
[Date "1991.??.??"]
[Round "4"]
[White "Ostenstad, Berge"]
[Black "Shabalov, Alexander"]
[Result "0-1"]
[WhiteElo "2500"]
[BlackElo "2505"]

1.d4 d5 2.c4 c6 3.Nf3 Nf6 4.Nc3 e6 5.g3 Ne4 6.Bg2 Nxc3 7.bxc3 Nd7 8.Nd2 Be7
9.O-O O-O 10.a4 Nf6 11.e4 dxe4 12.Nxe4 Nxe4 13.Bxe4 Qa5 14.Qc2 h6 15.Re1 Bf6
16.Ba3 Rd8 17.f4 Qc7 18.a5 Bd7 19.Kh1 Rab8 20.Bb4 c5 21.Bxc5 b6 22.axb6 axb6
23.Bb4 Qxc4 24.Qa2 Rbc8 25.Qxc4 Rxc4 26.Reb1 Bc6 27.Bxc6 Rxc6 28.Ra7 Rd5
29.Rb7 Rb5 30.Rd1 Rc8 31.Kg2 Ra8 32.Rd2 Ra1 33.Kf3 g5 34.fxg5 hxg5 35.Ke4 e5
36.d5 Re1+ 37.Kf5 Rf1+ 38.Kg4 e4 39.Rd7 Kg7 40.Re2 Kg6 41.Rd6 Rf5 42.Rxe4 Rfxd5
43.Rxd5 Rxd5 44.Rc4 Bd8 45.Rc6+ f6 46.h4 gxh4 47.Kxh4 Kf5 48.Rd6 Rxd6 49.Bxd6 Ke4
50.g4 Kd3 51.Bb4 f5+ 52.Kg3 fxg4 53.Kxg4 Bf6 54.Kf3 Bxc3 55.Be7 Bd4 56.Bd8 b5
57.Be7 Kc4 58.Ke2 Bc5 59.Bf6 b4 60.Kd2 Kb3  0-1

[Event "Oslo Cup"]
[Site "Oslo"]
[Date "1991.??.??"]
[Round "7"]
[White "Watson, William N"]
[Black "Shabalov, Alexander"]
[Result "0-1"]
[WhiteElo "2505"]
[BlackElo "2505"]

1.e4 c5 2.Nf3 g6 3.d4 cxd4 4.Nxd4 Bg7 5.Nc3 Nc6 6.Be3 Nf6 7.Bc4 O-O 8.Bb3 a5
9.a4 Ng4 10.Qxg4 Nxd4 11.Qh4 Nxb3 12.cxb3 Ra6 13.O-O Re6 14.Rad1 Bf6 15.Qg3 Bxc3
16.bxc3 Rxe4 17.Rd3 d6 18.f3 Re5 19.Qf2 Qd7 20.Bd4 Re6 21.Bb6 Qc6 22.c4 Re5
23.Bd4 Rf5 24.Qd2 e5 25.Be3 Rf6 26.Rd5 Re8 27.Rd1 e4 28.f4 Bg4 29.Rf1 Qc8
30.Qf2 Qd8 31.Qh4 Rxf4 32.Qxd8 Rxf1+ 33.Kxf1 Rxd8 34.Bg5 Rd7 35.Bf6 h6 36.h3 Be6
37.Rxa5 g5 38.Kf2 Kh7 39.h4 Kg6 40.hxg5 d5 41.cxd5 Bxd5 42.Ra8 hxg5 43.Rd8 Rc7
44.Bd4 Be6 45.Ke3 Kf5 46.b4 Rc2 47.Rb8 Rxg2 48.Rxb7 Rg3+ 49.Kf2 Rf3+ 50.Kg2 Kg4
51.Rb5 f5 52.Re5 Rd3 53.Bc5 Bd5 54.Kf2 f4 55.Ke2 Bc4 56.Kf2 e3+  0-1

[Event "Oslo Cup"]
[Site "Oslo"]
[Date "1991.??.??"]
[Round "8"]
[White "Shabalov, Alexander"]
[Black "Groenn, Atle"]
[Result "1-0"]
[WhiteElo "2505"]
[BlackElo "2365"]

1.e4 c5 2.Nf3 Nc6 3.d4 cxd4 4.Nxd4 Nf6 5.Nc3 d6 6.Bg5 e6 7.Qd2 a6 8.O-O-O h6
9.Be3 Nxd4 10.Bxd4 b5 11.Qe3 e5 12.Bb6 Qd7 13.f4 exf4 14.Qxf4 Be7 15.h4 Qb7
16.Bd4 O-O 17.Be2 Be6 18.Bf3 Nd7 19.e5 d5 20.Be3 Nb6 21.Bxb6 Qxb6 22.Nxd5 Bxd5
23.Bxd5 Bc5 24.Kb1 Rae8 25.h5 Qc7 26.Rhe1 Qe7 27.g4 Qg5 28.Qxg5 hxg5 29.e6 fxe6
30.Rxe6 Rxe6 31.Bxe6+ Kh7 32.a4 Rf6 33.Rd5 Rxe6 34.Rxc5 bxa4 35.Rxg5 Re4
36.Ka2 Rf4 37.Ka3 Re4 38.c3 Rf4 39.Ra5 Rxg4 40.Rxa6 Rh4 41.Rxa4 Rxh5 42.b4 g5
43.b5 Kg6 44.b6 Rh8 45.Kb4 Kf5 46.Kb5 g4 47.b7 Rb8 48.Kb6  1-0

[Event "Philadelphia World op"]
[Site "Philadelphia"]
[Date "1991.??.??"]
[Round "?"]
[White "Shabalov, Alexander"]
[Black "Dolmatov, Sergey"]
[Result "0-1"]
[WhiteElo "2535"]
[BlackElo "2605"]

1.d4 Nf6 2.c4 g6 3.Nc3 Bg7 4.e4 d6 5.h3 O-O 6.Be3 e5 7.d5 Nbd7 8.Nf3 Nc5
9.Nd2 a5 10.g4 c6 11.Be2 a4 12.b4 axb3 13.axb3 Rxa1 14.Qxa1 Na6 15.Nf1 Ne8
16.Ng3 Bf6 17.Qc1 Bh4 18.Bd3 Ng7 19.Rg1 Nb4 20.Bb1 cxd5 21.cxd5 Qa5 22.Bd2 Bd7
23.Na4 Bg5 24.Bxb4 Qxb4+ 25.Qc3 Qxc3+ 26.Nxc3 Rc8 27.Nge2 Bd8 28.Kd2 Bb6
29.Nd1 Ba5+ 30.Nec3 f5 31.gxf5 gxf5 32.exf5 Kf7 33.Rg3 Nh5 34.Rf3 Nf4 35.Be4 Bb5
36.Re3 Be2 37.Nb2 b5 38.h4 Kf6 39.Rg3 Bh5 40.Re3 Bf7 41.Nd1 Bxd5 42.Bc2 Bc6
43.Kc1 d5 44.Kb2 d4 45.Ne4+ Bxe4 46.Rxe4 d3 47.Bb1 Bb6  0-1

[Event "Philadelphia World op"]
[Site "Philadelphia"]
[Date "1991.??.??"]
[Round "1"]
[White "Allen, Edward J"]
[Black "Shabalov, Alexander"]
[Result "0-1"]
[WhiteElo "2235"]
[BlackElo "2535"]

1.e4 c5 2.Nf3 d6 3.d4 cxd4 4.Nxd4 Nf6 5.Nc3 a6 6.f4 e6 7.Be2 Qb6 8.Nb3 Nc6
9.Bf3 Be7 10.Qe2 O-O 11.Be3 Qc7 12.a4 b6 13.O-O Rb8 14.g4 Re8 15.g5 Nd7 16.Bg2 Na5
17.Nd2 Bf8 18.Kh1 g6 19.Bg1 Bb7 20.Qg4 b5 21.axb5 axb5 22.Nxb5 Qxc2 23.Rf2 Nb3
24.Nxb3 Qxb3 25.Nc3 Nc5 26.Rd2 Qb4 27.Re1 Bg7 28.Qd1 Rbc8 29.Rxd6 Qxb2 30.Na4 Nxa4
31.Qxa4 Qc3 32.Rb1 Ba8 33.Bd4 Bxd4 34.Qxd4 Qxd4 35.Rxd4 e5 36.fxe5 Rxe5 37.h4 h6
38.gxh6 Rh5 39.Bf3 Rxh4+ 40.Kg2 Rxh6 41.Rbd1 Kg7 42.Rd8 Rh8 43.Rxh8 Rxh8
44.Kg3 Rb8 45.Kf4 Rb5 46.Rd8 Ra5 47.Rd6 Bb7 48.Rd8 Rc5 49.Re8 g5+ 50.Ke3 Rc3+
51.Kf2 Bc8 52.Re5 Kg6 53.Rb5 Be6 54.Ra5 Rb3 55.Rc5 Ra3 56.Rb5 Kf6 57.Rc5 Bh3
58.Bh5 Be6 59.Bf3 Rb3 60.Ra5 g4 61.Be2 Rh3 62.Bd1 Rh4 63.Be2 Rh2+ 64.Ke3 g3
65.Ra1 Kg5 66.Ra5+ Kf6 67.Ra1 g2 68.Rg1 Bh3 69.Bf3 Kg5 70.Rc1 Bg4 71.Kf2 Kf4
72.Bxg4 Rh1 73.Rg1 Rxg1 74.Kxg1 Kxg4 75.Kxg2 f6 76.Kf2 Kf4 77.Ke2 Kxe4 78.Kf1  0-1

[Event "Philadelphia World op"]
[Site "Philadelphia"]
[Date "1991.??.??"]
[Round "4"]
[White "Khmelnitsky, Igor N"]
[Black "Shabalov, Alexander"]
[Result "1/2-1/2"]
[WhiteElo "2495"]
[BlackElo "2535"]

1.e4 c5 2.c3 d6 3.d4 Nf6 4.f3 Nbd7 5.Be3 g6 6.Na3 Bg7 7.dxc5 dxc5 8.e5 Nxe5
9.Qxd8+ Kxd8 10.Bxc5 Be6 11.Nb5 b6 12.Bd4 Nc6 13.Bf2 Nd7 14.Ne2 a6 15.Na3 b5
16.Nc2 b4 17.Ncd4 Nxd4 18.Bxd4 Bxd4 19.Nxd4 bxc3 20.Nxe6+ fxe6 21.bxc3 Kc7
22.h4 Nc5 23.O-O-O Rad8 24.h5 Rxd1+ 25.Kxd1 g5 26.h6 Kd6 27.Rh5 Rg8 28.Kd2 a5
29.Be2 Nd7 30.Bd3 Nf6 31.Rh1 Rb8 32.Kc2 Rc8 33.c4 g4 34.Rb1 gxf3 35.gxf3 Rc5
36.Rb6+ Kd7 37.Rb5 Kd6 38.Kb3 Ng8 39.Ka4 Nxh6 40.Kxa5 Nf7 41.Kb4 Ne5 42.Rb6+ Nc6+
43.Kc3 h5 44.Kd2 h4 45.Ke3 h3 46.Kf2 h2 47.Kg2 Rh5 48.Kh1 Kc7 49.Rb2 Rh3
50.Rf2 Kd6 51.Bf1 Rh8 52.Rxh2 Ra8 53.f4 Nb4 54.Rd2+ Kc5 55.Bh3 Rxa2 56.Rxa2 Nxa2
57.Bxe6 Nc3 58.Kg2 Ne2  1/2-1/2

[Event "Torcy op"]
[Site "Torcy"]
[Date "1991.??.??"]
[Round "?"]
[White "Shabalov, Alexander"]
[Black "Feller, Joseph"]
[Result "1-0"]
[WhiteElo "2505"]
[BlackElo "2225"]

1.e4 c5 2.Nf3 Nc6 3.d4 cxd4 4.Nxd4 e5 5.Nb5 a6 6.Nd6+ Bxd6 7.Qxd6 Qe7 8.Qd1 f5
9.Nc3 Nf6 10.Bg5 O-O 11.Bc4+ Kh8 12.O-O Qc5 13.Bd5 Ne7 14.Bb3 fxe4 15.Bxf6 gxf6
16.Nxe4 Qc6 17.Qd6 Ng6 18.Rfe1 f5 19.Bd5 Qxd6 20.Nxd6 e4 21.Rad1 Ra7 22.f3 exf3
23.Bxf3 b6 24.Rd5 Rc7 25.Rxf5 Rg8 26.Bd5  1-0

[Event "Torcy op"]
[Site "Torcy"]
[Date "1991.??.??"]
[Round "?"]
[White "Shabalov, Alexander"]
[Black "Bouaziz, Slim"]
[Result "1-0"]
[WhiteElo "2505"]
[BlackElo "2380"]

1.e4 c6 2.d4 d5 3.e5 Bf5 4.Nc3 e6 5.g4 Bg6 6.Nge2 h6 7.Be3 Qb6 8.Qd2 Nd7
9.O-O-O h5 10.Nf4 Ne7 11.Na4 Qc7 12.Nxg6 Nxg6 13.Bd3 Nh4 14.h3 b5 15.Nc3 b4
16.Nb1 Qa5 17.f4 c5 18.Qf2 Be7 19.dxc5 Nxc5 20.Bxc5 Qxc5 21.Qg3 g5 22.f5 hxg4
23.fxe6 fxe6 24.Qxg4 Rh6 25.Nd2 O-O-O 26.Rhf1 Qb6 27.Rf7 Bc5 28.Qxg5 Be3
29.Qg4 Rhh8 30.Qe2 Rdf8 31.Ba6+ Kd8 32.Rb7 Qc5 33.Rb5 Bxd2+ 34.Qxd2 Qc6 35.Qg5+  1-0

[Event "Torcy op"]
[Site "Torcy"]
[Date "1991.??.??"]
[Round "?"]
[White "Shabalov, Alexander"]
[Black "Spraggett, Kevin"]
[Result "1/2-1/2"]
[WhiteElo "2505"]
[BlackElo "2495"]

1.d4 f5 2.g3 Nf6 3.Bg2 e6 4.Nf3 Be7 5.O-O O-O 6.b3 Ne4 7.Bb2 Bf6 8.Nbd2 d5
9.c4 Nc6 10.e3 a5 11.a3 Bd7 12.Rc1 Be8 13.Ne1 Bf7 14.Nd3 Ne7 15.Nf3 Bh5 16.Qc2 Bxf3
17.Bxf3 c6 18.Bg2 Bg5 19.Qe2 Nc8 20.f3 Ned6 21.Rce1 a4 22.c5 Nb5 23.b4 Bf6
24.Kh1 Ne7 25.Nf4 Qd7 26.Bh3 g5 27.Nh5 Bh8 28.g4 Ng6 29.f4 Qe7 30.Rg1 h6
31.Qc2 Nh4 32.Rg3 Qh7 33.gxf5 Nxf5 34.Rg2 Qg6 35.Ng3 Kh7 36.fxg5 hxg5 37.Bg4  1/2-1/2

[Event "Torcy op"]
[Site "Torcy"]
[Date "1991.??.??"]
[Round "?"]
[White "Korneev, Oleg"]
[Black "Shabalov, Alexander"]
[Result "0-1"]
[WhiteElo "2345"]
[BlackElo "2505"]

1.e4 c5 2.Nc3 e6 3.Nf3 d6 4.d4 cxd4 5.Nxd4 Nf6 6.Bc4 Be7 7.Bb3 O-O 8.f4 Nc6
9.Be3 Nxd4 10.Qxd4 Qa5 11.O-O-O b5 12.e5 dxe5 13.fxe5 Nd7 14.Ne4 b4 15.Bf4 Qb6
16.Nd6 Nc5 17.Bc4 Bxd6 18.exd6 Bd7 19.Rhe1 Rac8 20.Kb1 a5 21.Bg5 Na4 22.Be7 Qxd4
23.Rxd4 Rfe8 24.Re5 Rc5 25.Rxc5 Nxc5 26.g4 f6 27.g5 f5 28.h4 Kf7 29.Rf4 Kg6
30.h5+ Kxh5 31.Be2+ Kg6 32.Rh4 Rxe7 33.dxe7 Ne4 34.Bh5+ Kxg5 35.Rh1 g6 36.Rd1 Bc6
37.Bf3 Kf6 38.Bxe4 fxe4 39.Kc1 e3 40.Rd6 Be8 41.Kd1 Kxe7 42.Ra6 h5 43.Ra7+ Kf6
44.Ke2 g5 45.Kxe3 Bc6 46.c4 bxc3 47.bxc3 Bd5 48.Rxa5 h4 49.Rb5 h3 50.Rb2 Kf5
51.Rh2 Kg4 52.Kf2 Kh4 53.Kg1 g4 54.Rd2 g3 55.Rxd5 exd5 56.a4 Kg4  0-1

[Event "Torcy op"]
[Site "Torcy"]
[Date "1991.??.??"]
[Round "?"]
[White "Kovacevic, Slobodan"]
[Black "Shabalov, Alexander"]
[Result "0-1"]
[WhiteElo "2370"]
[BlackElo "2505"]

1.d4 d5 2.Bf4 Bg4 3.c3 Nf6 4.Qb3 Qc8 5.e3 e6 6.h3 Bh5 7.c4 Be7 8.Nc3 O-O
9.cxd5 Nxd5 10.Nxd5 exd5 11.Be2 Bxe2 12.Nxe2 c6 13.O-O Nd7 14.Rfe1 Nb6 15.Nc1 Re8
16.Nd3 Bf8 17.Ne5 f6 18.Nd3 Qd7 19.Re2 Qf7 20.Rae1 Nc4 21.Qc2 a5 22.a4 Rac8
23.Bh2 Nd6 24.Bxd6 Bxd6 25.e4 dxe4 26.Rxe4 Rxe4 27.Rxe4 Rd8 28.Ne1 Qd5 29.Nf3 b5
30.axb5 cxb5 31.Re3 a4 32.Rc3 b4 33.Rc8 Rxc8 34.Qxc8+ Bf8 35.Qa6 a3 36.bxa3 bxa3
37.Qa4 h5 38.Ne1 h4 39.Nc2 Qa2 40.Kf1 Qb1+ 41.Ke2 a2 42.Kd3 Kh7 43.Kc3 Bd6
44.Qa5 Kh6 45.Qa4 Bf4 46.Qa8 Bc1 47.Qh8+ Kg6 48.Qe8+ Kg5 49.Qa4 Bb2+ 50.Kc4 Qf1+
51.Kc5 Qxf2 52.Kd6 Qxc2 53.Qxc2 a1=Q 54.Qd2+ Kg6 55.Qd3+ f5 56.d5 Qa3+ 57.Qxa3 Bxa3+
58.Ke6 Kg5 59.Kf7 g6 60.Kg7 Bb2+ 61.Kf7 Be5 62.Ke6 Kf4 63.Kf7 g5 64.Kg6 g4
65.Kh5 gxh3 66.gxh3 Ke4 67.Kxh4 f4  0-1

[Event "Bern op"]
[Site "Bern"]
[Date "1992.??.??"]
[Round "9"]
[White "Ionescu, Constantin"]
[Black "Shabalov, Alexander"]
[Result "0-1"]
[WhiteElo "2465"]
[BlackElo "2535"]

1.d4 d5 2.c4 c6 3.Nf3 Nf6 4.Qc2 g6 5.Bf4 Qa5+ 6.Bd2 Qd8 7.Bf4 Na6 8.e3 Bf5
9.Qb3 Nb4 10.Qxb4 e5 11.Qxb7 Rb8 12.Qxc6+ Bd7 13.Qxf6 Qxf6 14.Bxe5 Qb6 15.b3 Bb4+
16.Nbd2 O-O 17.Bxb8 Rxb8 18.cxd5 Qa5 19.Bc4 Bg4 20.Rd1 Bxf3 21.gxf3 Qxa2
22.Ke2 a5 23.d6 Kg7 24.d7 Rd8 25.Bb5 Bxd2 26.Rxd2 Qxb3 27.Bd3 Rxd7 28.Rb1 Qe6
29.Ra1 Rxd4 30.Rxa5 Rh4 31.Rb2 Qe7 32.f4 Rxf4 33.Rab5 Rf6 34.h4 h5 35.R2b4 Qe6
36.Ra5 Qh3 37.Raa4 Qf3+  0-1

[Event "Biel op"]
[Site "Biel"]
[Date "1992.??.??"]
[Round "1"]
[White "Hedke, Fred"]
[Black "Shabalov, Alexander"]
[Result "0-1"]
[WhiteElo "2275"]
[BlackElo "2525"]

1.e4 Nf6 2.e5 Nd5 3.d4 d6 4.Nf3 Bg4 5.Be2 e6 6.O-O Be7 7.h3 Bh5 8.c4 Nb6
9.exd6 cxd6 10.Nc3 O-O 11.Be3 d5 12.c5 Bxf3 13.Bxf3 Nc4 14.b3 Nxe3 15.fxe3 Nc6
16.a3 b6 17.b4 bxc5 18.dxc5 Bf6 19.Qc2 Be5 20.Rad1 Qg5 21.Rfe1 Bg3 22.b5 Ne5
23.Qe2 Qe7 24.Na4 Bxe1 25.Qxe1 Rfc8 26.Qb4 Qg5 27.Kf2 Nc4 28.Rd3 Rab8 29.Rb3 Qf6
30.Qe1 Nd6 31.cxd6 Qh4+ 32.g3 Rc2+ 33.Be2 Qxa4 34.Rc3 d4 35.Rd3 dxe3+ 36.Kxe3 Qxb5
37.d7 Rd8 38.Qd1 Qc5+ 39.Kf3 Rc3 40.Kg2 Rxd3  0-1

[Event "Biel op"]
[Site "Biel"]
[Date "1992.??.??"]
[Round "3"]
[White "Lazarev, Vladimir"]
[Black "Shabalov, Alexander"]
[Result "0-1"]
[WhiteElo "2430"]
[BlackElo "2525"]

1.d4 d5 2.Nf3 Nf6 3.c4 c6 4.Nc3 e6 5.Bg5 dxc4 6.e4 b5 7.e5 h6 8.Bh4 g5 9.Nxg5 hxg5
10.Bxg5 Nbd7 11.g3 Qb6 12.exf6 c5 13.d5 Bb7 14.Bg2 O-O-O 15.O-O b4 16.Na4 Qb5
17.a3 Nb8 18.axb4 cxb4 19.Qg4 Bxd5 20.Rfc1 Nc6 21.Bxd5 Rxd5 22.Rxc4 Kd7 23.Rac1 Rxg5
24.Qe4 Nd8 25.Qd4+ Ke8 26.Rc7 Rh6 27.Re7+ Bxe7 28.fxe7 Nc6 29.Rxc6 Rd5 30.Rc8+ Kxe7
31.Qxa7+ Kf6 32.Rc1 Qe2 33.h4 Rxh4 34.Nc5 Rd1+  0-1

[Event "Biel op"]
[Site "Biel"]
[Date "1992.??.??"]
[Round "4"]
[White "Shabalov, Alexander"]
[Black "Anka, Emil"]
[Result "1-0"]
[WhiteElo "2525"]
[BlackElo "2370"]

1.Nf3 d6 2.d4 Nf6 3.c4 g6 4.Nc3 Bg7 5.e4 O-O 6.h3 e5 7.d5 Na6 8.Bg5 h6 9.Be3 Nc5
10.Nd2 a5 11.g4 c6 12.Be2 a4 13.Bxc5 dxc5 14.Nxa4 Nd7 15.Nc3 f5 16.gxf5 gxf5
17.Qc2 Qh4 18.O-O-O Nf6 19.Kb1 Nxe4 20.Ndxe4 fxe4 21.Nxe4 Rf4 22.Bg4 Bxg4
23.hxg4 Qxg4 24.Rhe1 Rd8 25.a3 h5 26.f3 Rxf3 27.Rg1 Qf5 28.Rg5 Qf4 29.Ka2 cxd5
30.cxd5 h4 31.Rxg7+ Kxg7 32.Nxc5 Kh6 33.Ne6 Qf6 34.Nxd8 Qxd8 35.d6 Rf8 36.d7 Qg5
37.Qc4 Rd8 38.Rh1 Kh5 39.Qf7+ Kh6 40.Qe6+ Kh5 41.Re1  1-0

[Event "Biel op"]
[Site "Biel"]
[Date "1992.??.??"]
[Round "8"]
[White "Shabalov, Alexander"]
[Black "Rogers, Ian"]
[Result "1-0"]
[WhiteElo "2525"]
[BlackElo "2565"]

1.d4 c6 2.e4 d5 3.e5 Bf5 4.Nc3 e6 5.g4 Bg6 6.Nge2 Be7 7.Be3 Nd7 8.Qd2 h5
9.Nf4 Nf8 10.gxh5 Bxh5 11.Nxh5 Rxh5 12.O-O-O Qa5 13.Be2 Rh8 14.Rdg1 g6 15.h4 Rxh4
16.Rxh4 Bxh4 17.Rh1 Qd8 18.Bd3 f5 19.Ne2 Qe7 20.Nf4 g5 21.Ng2 Nh7 22.f4 O-O-O
23.Kd1 Rd7 24.Rh3 Qg7 25.fxg5 Nxg5 26.Rh1 f4 27.Nxf4 Rf7 28.Qe2  1-0

[Event "Biel op"]
[Site "Biel"]
[Date "1992.??.??"]
[Round "9"]
[White "Golubev, Mihail"]
[Black "Shabalov, Alexander"]
[Result "1/2-1/2"]
[WhiteElo "2490"]
[BlackElo "2525"]

1.d4 Nf6 2.Nf3 e6 3.c4 c5 4.d5 exd5 5.cxd5 g6 6.Nc3 d6 7.e4 Bg7 8.h3 O-O
9.Bd3 Bd7 10.O-O b5 11.Nxb5 Nxe4 12.Na3 Re8 13.Re1 Nf6 14.Rxe8+ Bxe8 15.Nc4 Bb5
16.Bf4 Bxc4 17.Bxc4 Nbd7 18.Bb5 Rb8 19.Qe2 Nb6 20.Rd1 Nfxd5 21.Bg3 Bf8 22.a4 Nc7
23.a5 Nc8 24.Bc4 Qe7 25.Qd2 h6 26.Re1 Qf6 27.Ne5 dxe5 28.Bxe5 Qc6 29.Qf4 Ne6
30.Bxe6 Qxe6 31.Bc3 Qd6  1/2-1/2

[Event "Geneve op"]
[Site "Geneve"]
[Date "1992.??.??"]
[Round "1"]
[White "Horn, Pascal"]
[Black "Shabalov, Alexander"]
[Result "1/2-1/2"]
[WhiteElo "2285"]
[BlackElo "2535"]

1.e4 c5 2.f4 d5 3.Nc3 dxe4 4.Nxe4 Qc7 5.g3 b6 6.Bg2 Bb7 7.Qe2 g6 8.Nd6+ Kd7
9.Bxb7 exd6 10.Bxa8 Nf6 11.Bf3 Bg7 12.Qb5+ Kc8 13.d3 a6 14.Qb3 Nc6 15.c3 Re8+
16.Ne2 g5 17.Qa4 d5 18.h3 h5 19.Rf1 Kb7 20.Bd2 g4 21.hxg4 hxg4 22.Bg2 Nh7
23.Kf2 b5 24.Qd1 f5 25.Bxd5 Kb6 26.a4 Qd7 27.a5+ Kc7 28.c4 Nf6 29.Bc3 Nxd5
30.cxd5 Bxc3 31.Nxc3 Nd4 32.Re1 Qh7 33.Rxe8 Qh2+ 34.Ke3 Qxg3+ 35.Kd2 Qxf4+
36.Re3 b4 37.Ne2 Nf3+ 38.Kc2 Qxe3 39.Rc1 Kd6 40.Kb1 Nd2+ 41.Ka1 Qxd3 42.Ka2 Qxd5+
43.b3 c4 44.bxc4 Qd3 45.Kb2 Ke5 46.Qa4 Kf6 47.Qxb4 Qxe2 48.Qc3+ Kg5 49.Rc2 Nxc4+
50.Kb3 Nxa5+ 51.Qxa5 Qd3+ 52.Kb2 g3 53.Qe1 Qd4+  1/2-1/2

[Event "Geneve op"]
[Site "Geneve"]
[Date "1992.??.??"]
[Round "2"]
[White "Shabalov, Alexander"]
[Black "Chachere, Lawrence"]
[Result "1-0"]
[WhiteElo "2535"]
[BlackElo "2240"]

1.e4 c5 2.Nf3 d6 3.d4 Nf6 4.Nc3 cxd4 5.Nxd4 a6 6.Bg5 e6 7.f4 Qb6 8.Nb3 Nbd7
9.Qf3 Qc7 10.a4 b6 11.Bd3 Bb7 12.O-O Be7 13.Rae1 O-O 14.Qh3 e5 15.Nd5 Bxd5
16.exd5 Rfe8 17.Nd2 g6 18.f5 Qd8 19.fxg6 fxg6 20.Re3 Nf8 21.Ref3 N6d7 22.Bh6 Nf6
23.Ne4 Nxe4 24.Bxe4 Qc8 25.Qg3 Qc5+ 26.Kh1 Qd4 27.Qg4 Qxb2 28.Rf7 Qd4 29.Rg7+ Kh8
30.Rxf8+  1-0

[Event "Geneve op"]
[Site "Geneve"]
[Date "1992.??.??"]
[Round "5"]
[White "Gerber, Richard"]
[Black "Shabalov, Alexander"]
[Result "0-1"]
[WhiteElo "2310"]
[BlackElo "2535"]

1.d4 d5 2.Nf3 Nf6 3.c4 c6 4.Nc3 e6 5.Bg5 dxc4 6.e4 b5 7.e5 h6 8.Bh4 g5 9.Bg3 Nd5
10.h4 Qa5 11.Rc1 Bb4 12.Qc2 gxh4 13.Bxh4 Qxa2 14.Nd2 Nxc3 15.bxc3 Qxc2 16.Rxc2 Bf8
17.Be2 Bb7 18.Rb2 a6 19.Nxc4 c5 20.dxc5 Bxc5 21.Nd6+ Bxd6 22.exd6 Nd7 23.c4 Bxg2
24.Rg1 Bc6 25.cxb5 Bxb5 26.Bxb5 axb5 27.Ke2 Rb8 28.Rc1 f6 29.Rc7 Rh7 30.Rb3 Rb6
31.Rd3 e5 32.f4 exf4 33.Rd4 b4 34.Re4+ Kd8 35.Re6 Rxd6 36.Rxd6 Kxc7 37.Rd4 Re7+
38.Kd1 b3 39.Rxf4 Re6 40.Kc1 Nc5 41.Rf3 Ne4 42.Rxb3 Kd6 43.Rb5 Re5 44.Rb6+ Ke7
45.Kc2 Kf7 46.Kd3 Ng5 47.Bg3 Re6 48.Rb8 Kg6 49.Rb4 h5 50.Ra4 Nf3 51.Rf4 Ne5+
52.Ke2 Ra6 53.Bh4 Ra2+ 54.Ke3 Ra3+ 55.Ke2 Ng4 56.Rb4 Rh3 57.Be1 Rh2+ 58.Kf3 Ne5+
59.Ke3 Rh1 60.Bd2 h4 61.Ra4 h3 62.Rh4 Kg5  0-1

[Event "Geneve op"]
[Site "Geneve"]
[Date "1992.??.??"]
[Round "6"]
[White "Shabalov, Alexander"]
[Black "Atlas, Valeri"]
[Result "1/2-1/2"]
[WhiteElo "2535"]
[BlackElo "2435"]

1.e4 c5 2.Nf3 e6 3.d4 cxd4 4.Nxd4 Nf6 5.Nc3 d6 6.f4 Be7 7.Bd3 Nc6 8.Nf3 Nb4
9.Bb5+ Bd7 10.Bxd7+ Qxd7 11.O-O O-O 12.Qe2 a6 13.Kh1 Rac8 14.a3 Nc6 15.e5 Ne8
16.Be3 Qc7 17.Bf2 dxe5 18.fxe5 Na5 19.Bg3 Nc4 20.Nd1 Na5 21.Be1 Qc4 22.Rf2 Qxe2
23.Rxe2 Nc6 24.Nc3 Nc7 25.Rd1 Rfd8 26.Red2 f6 27.exf6 gxf6 28.Rd7 Kf7 29.Na4  1/2-1/2

[Event "Geneve op"]
[Site "Geneve"]
[Date "1992.??.??"]
[Round "7"]
[White "Ristic, Nenad"]
[Black "Shabalov, Alexander"]
[Result "1/2-1/2"]
[WhiteElo "2370"]
[BlackElo "2535"]

1.e4 Nf6 2.e5 Nd5 3.d4 d6 4.Bc4 Nb6 5.Bb3 Bf5 6.Qf3 e6 7.Qxb7 d5 8.Nc3 Bb4
9.Ne2 O-O 10.O-O a5 11.Nb5 Qd7 12.a4 Rc8 13.Na7 Re8 14.Nb5 Na6 15.Na7 Rxa7
16.Qxa7 Qc8 17.Nc3 Re7 18.Nb5 Na8 19.Nd6 Bxd6 20.exd6 Rd7 21.Bd2 c5 22.Qxa6 Qxa6
23.dxc5 Qc6 24.Be3 e5 25.c3 Rb7 26.Ra3 Be6 27.Rd1 f5 28.f4 exf4 29.Bd4 g5
30.Rd2 Kf7 31.Bd1 g4 32.Be2 Bd7 33.Bd3 Rb8 34.Ra1 Re8 35.b4 f3 36.b5 Qc8
37.c6 Bxc6 38.bxc6 Qxc6 39.Bb5 Qxd6 40.Bxe8+ Kxe8 41.Re1+ Kf7 42.Rf2 Kg6
43.gxf3 h5 44.fxg4 hxg4 45.Re5 Qd7 46.h3 gxh3 47.Re3 Qd6 48.Rxh3 f4 49.Rfh2 Kf5
50.Rh6 Qb8 51.Re2 f3 52.Re5+ Kg4 53.Rg6+ Kf4 54.Rf6+ Kg4 55.Rg6+ Kf4 56.Rf6+ Kg4
57.Rg6+ Kf4  1/2-1/2

[Event "Geneve op"]
[Site "Geneve"]
[Date "1992.??.??"]
[Round "8"]
[White "Shabalov, Alexander"]
[Black "Cvitan, Ognjen"]
[Result "1/2-1/2"]
[WhiteElo "2535"]
[BlackElo "2505"]

1.e4 c5 2.Nf3 e6 3.d4 cxd4 4.Nxd4 Nf6 5.Nc3 d6 6.f4 a6 7.Bd3 Be7 8.O-O b5
9.a4 Bb7 10.Qf3 Nbd7  1/2-1/2

[Event "IRL-op"]
[Site "IRL"]
[Date "1992.??.??"]
[Round "?"]
[White "Shabalov, Alexander"]
[Black "Barry, Colm"]
[Result "1-0"]
[WhiteElo "2525"]
[BlackElo "2275"]

1.d4 d5 2.c4 c6 3.Nf3 Nf6 4.e3 Bf5 5.Qb3 Qb6 6.cxd5 cxd5 7.Nc3 e6 8.Bb5+ Nc6
9.Bd2 Nd7 10.Na4 Qd8 11.Rc1 Rc8 12.Rc3 Bd6 13.O-O Be4 14.Rfc1 Bxf3 15.gxf3 Ndb8
16.Nc5 Bxc5 17.Rxc5 Qe7 18.f4 O-O 19.R5c2 Rfd8 20.Be2 Qd7 21.a4 Ne7 22.Bb5 Nbc6
23.a5 a6 24.Ba4 Nf5 25.f3 Nd6 26.Qd3 Rc7 27.Qe2 Rdc8 28.b3 Nf5 29.Rc5 Qd6
30.Qd3 g6 31.Qc3 Nh4 32.Rf1 Nf5 33.b4 Qe7 34.Qd3 Nd6 35.e4 Qf6 36.Bxc6 bxc6
37.f5 Nb5 38.Bf4 Rd7 39.Be5 Qg5+ 40.Kh1 exf5 41.exf5 f6 42.Rg1 Qh4 43.fxg6 h6
44.Qf5  1-0

[Event "Manila ol (Men)"]
[Site "Manila"]
[Date "1992.??.??"]
[Round "?"]
[White "Gdanski, Jacek"]
[Black "Shabalov, Alexander"]
[Result "1-0"]
[WhiteElo "2435"]
[BlackElo "2535"]

1.e4 e6 2.d4 d5 3.Nc3 Bb4 4.e5 Ne7 5.a3 Bxc3+ 6.bxc3 c5 7.Qg4 O-O 8.Bd3 f5
9.exf6 Rxf6 10.Qh5 h6 11.g4 Qf8 12.Bg5 Nd7 13.Bxf6 Nxf6 14.Qh3 e5 15.dxe5 Nxg4
16.Qg3 c4 17.Be2 h5 18.h3 h4 19.Qf3 Nxe5 20.Qxf8+ Kxf8 21.Nf3 N5g6 22.O-O-O Kf7
23.Rd4 Kf6 24.Nxh4 Nc6 25.Rg1 Nxh4 26.Rxh4 Bf5 27.Bf3 Rd8 28.Rd1 Be6 29.Rg1 b5
30.Bg4 Bg8 31.Bd1 Ne7 32.Rf4+ Ke5 33.Rfg4 Nf5 34.f4+ Kf6 35.Rg6+ Kf7 36.Ra6 d4
37.Rxa7+ Kf6 38.Ra6+ Kf7 39.Bh5+ Kf8 40.cxd4 Nxd4 41.Re1 Nf5 42.Rb6 Ng3 43.Bg6 c3
44.Rxb5 Bc4 45.Rbe5  1-0

[Event "Manila ol (Men)"]
[Site "Manila"]
[Date "1992.??.??"]
[Round "?"]
[White "Shabalov, Alexander"]
[Black "Gulko, Boris F"]
[Result "0-1"]
[WhiteElo "2535"]
[BlackElo "2560"]

1.e4 e6 2.d4 d5 3.exd5 exd5 4.Nf3 Nf6 5.Bd3 Be7 6.O-O O-O 7.Bg5 Bg4 8.Nbd2 Nbd7
9.c3 c5 10.h3 Bh5 11.Qc2 c4 12.Bf5 Bg6 13.Rae1 Re8 14.Ne5 Nxe5 15.Rxe5 Bd6
16.f4 Qc7 17.Bxf6 gxf6 18.Rxd5 Qc6 19.Ne4 Be7 20.Ra5 b6 21.Bxg6 hxg6 22.Ra6 f5
23.Nd2 Qb7 24.Qa4 b5 25.Qa5 Bd8 26.Qa3 Re2 27.Nf3 Be7 28.Qa5 Rxb2 29.Re1 Kg7
30.Re5 Bd8 31.Qa3 Rb1+ 32.Kh2 b4 33.cxb4 Bc7 34.d5 Bxe5 35.Nxe5 c3 36.Nd3 Rc8
37.Qa5 Qc7 38.Qb5 Qc4 39.Qb7 Qc7 40.Qxc7 Rxc7 41.d6 Rc4 42.Rxa7 c2  0-1